Missing Word: Food in Book Titles A-Z Quiz Stats

 Plays Quiz Updated Jul 16, 2017

Support Sporcle.
Go Orange.
Score 0/24 Timer 03:00
0 Plays Today
Hint Answer % Correct
Green ____ and HamEggs
96%
Adventures of ____ FinnHuckleberry
93.9%
James and the Giant ____Peach
93.9%
The ____ of WrathGrapes
93.8%
The Catcher in the ____Rye
93.7%
The ____ on the CakeIcing
92.4%
____ Are Not the Only FruitOranges
80.1%
The Golden ____Apples
70.9%
Like Water for ____Chocolate
69.1%
The Particular Sadness of ____ CakeLemon
63%
I Hope They Serve ____ in HellBeer
62.8%
The House on ____ StreetMango
54.5%
Hint Answer % Correct
Dandelion ____Wine
54.1%
The Electric ____ Acid TestKool-Aid
51%
Freckle ____Juice
46.3%
Saving ____ from DrowningFish
31.5%
Tristram ____Shandy
30.7%
Save the ____Date
29.1%
Are You There, ____? It's Me, ChelseaVodka
26.5%
Agatha Raisin and the ____ of DeathQuiche
21.4%
Sisters of the ____Yam
16.9%
The ____ WarriorsZucchini
10.9%
____ in a SieveNectar
9.5%
The ____ CurtainTortilla
4.3%

Today's Daily Dose

Missing Word
FPS Games (A-Z)

Quick Pick
Cartoon Lions

Get the Picture
5, 6, 7, or 8 Movies

You're not logged in!

Compare scores with friends on all Sporcle quizzes.
OR
Log In
Forgot?

From the Vault

Florida Big 4 Teams

by dsz002

Florida sports teams have just as many strange incidents as the state itself.
Remove Ads.
Support Sporcle.
Get the best of Sporcle when you Go Orange. This ad-free experience offers more features, more stats, and more fun while also helping to support Sporcle. Thank you for becoming a member.

Show Comments

Extras

Top Quizzes Today


Score Distribution

Your Account Isn't Verified!

In order to create a playlist on Sporcle, you need to verify the email address you used during registration. Go to your Sporcle Settings to finish the process.

Report this User

Report this user for behavior that violates our Community Guidelines.

Details: